[Event "EWCCC Online Final 2020"]
[Site "Online"]
[Date "2020.12.21"]
[Round "8.1"]
[White "Nandhidhaa, P V"]
[Black "Sliwicka, Alicja"]
[Result "1-0"]
[WhiteElo "2365"]
[BlackElo "2333"]
[Annotator "TA"]
[PlyCount "95"]
[EventDate "2020.12.19"]
[EventType "team-tourn"]
[EventCountry "NET"]
[SourceTitle "playchess.com"]
[Source "ChessBase"]
[SourceQuality "1"]

{[%evp 9,95,-18,-14,-8,0,-6,0,0,0,0,0,0,0,0,18,8,12,0,5,-5,13,14,11,20,18,14,12,16,26,21,23,12,17,0,48,29,44,39,39,44,39,43,43,0,50,49,50,54,85,49,49,49,49,49,49,49,668,635,1053,955,1061,936,1238,1174,1303,1160,1789,1735,1634,1609,1541,1518,1488,1440,3078,2903,2357,2097,29980,29981,29980,29982,29982,29982,29987,29988,29988,29989]} 1. b3 c5 2. e4 Nc6 3. Bb2 d6 4. Nc3 Nf6 5. Bb5 Bd7 6. f4 {B20: Sicilian: Unusual White 2nd moves.} a6 7. Bxc6 Bxc6 8. Qe2 {The position is equal.} e6 9. Nf3 Be7 10. e5 dxe5 11. Nxe5 Qc7 12. O-O-O O-O 13. Nxc6 Qxc6 14. g4 {[#]} b5 $146 ({Predecessor:} 14... Rfe8 15. g5 Nd5 16. Qf3 Nxc3 17. Qxc3 Bf8 18. h4 b5 19. h5 b4 20. Qc4 Qd5 21. Qxd5 exd5 22. Be5 Re6 23. Rdg1 Bd6 24. Bxd6 Rxd6 25. Re1 Kf8 {½-½ (25) Toth,L (1967)-Froembgen,W (2016) Heimbach-Weis 2017}) 15. g5 Nd5 16. Nxd5 Qxd5 17. d3 a5 18. h4 Qf5 19. Qe4 Bd6 20. Rhf1 a4 21. Rde1 a3 22. Bc3 Rfc8 23. Qxf5 exf5 24. Be5 Bf8 25. c4 b4 26. Rd1 Rd8 27. d4 cxd4 28. Rxd4 Bc5 29. Rxd8+ Rxd8 30. Rd1 Rxd1+ 31. Kxd1 $14 {[%mdl 4096] Endgame KB-KB} Kf8 32. Ke2 {Kd3 is the strong threat.} g6 $2 {[%mdl 8192] This move loses the game for Black.} (32... f6 $14 33. gxf6 gxf6 34. Bxf6 Kf7) 33. Kd3 $18 Ke7 34. Bd4 Bd6 {[#]} 35. Be3 $1 f6 36. c5 Bc7 37. Kc4 fxg5 38. hxg5 Ke6 39. Kxb4 Kd5 40. Kb5 Ke4 41. Bc1 Kd3 42. Kc6 Ba5 43. Kd7 Kc2 44. Bxa3 {White mates.} Bd2 45. c6 Bxf4 46. Bd6 Bxd6 47. Kxd6 f4 48. c7 {Weighted Error Value: White=0.05/Black=0.50} 1-0

[Event "EWCCC Online Final 2020"]
[Site "Online"]
[Date "2020.12.21"]
[Round "8.1"]
[White "Antolak, Julia"]
[Black "Dauletova, Gulmira"]
[Result "0-1"]
[WhiteElo "2307"]
[BlackElo "2319"]
[Annotator "TA"]
[PlyCount "72"]
[EventDate "2020.12.19"]
[EventType "team-tourn"]
[EventCountry "NET"]
[SourceTitle "playchess.com"]
[Source "ChessBase"]
[SourceQuality "1"]

{[%evp 22,72,22,11,28,5,23,0,0,0,0,-43,-41,-60,-58,-68,-68,-112,-71,-82,-74,-150,-119,-162,-121,-114,-105,-181,-134,-177,-137,-227,-208,-277,-241,-277,-279,-662,-615,-684,-667,-644,-628,-1408,-1073,-1499,-1485,-29990,-29982,-29995,-29996,-29996,-29997]} 1. e4 e5 2. Nf3 Nc6 3. Bb5 a6 4. Ba4 Nf6 5. O-O Be7 6. Re1 b5 7. Bb3 d6 8. c3 O-O 9. h3 Na5 10. Bc2 c5 11. d4 Nd7 12. a4 Bb7 {12...Bb7 has lost popularity. C96: Closed Ruy Lopez: Chigorin Defence: 11 d4, replies other than 11...Qc7.} 13. Nbd2 Qc7 14. d5 c4 {The position is equal.} 15. Nf1 Nc5 {[#]} 16. Ng3 $146 ({Predecessor:} 16. axb5 axb5 17. Be3 Nab3 18. Rb1 Ra2 19. N3d2 Nxd2 20. Qxd2 Bc8 21. Ng3 Bd7 22. Rf1 {½-½ (42) Vera Siguenas,D (2499)-Blagojevic,D (2482) Baku 2016}) 16... Nab3 17. Bxb3 Nxb3 18. Ra3 Nc5 19. a5 Bc8 20. Be3 Rb8 21. Nh2 (21. Qe2 $142) 21... f5 {White must now prevent ...f4.} 22. exf5 Bxf5 23. Nxf5 Rxf5 24. Nf1 {[#]} (24. Bxc5 $17 Qxc5 25. Nf3) 24... Nd3 $1 $19 25. Re2 Qb7 26. Bb6 (26. Rd2 $17) 26... Bh4 ({Weaker is} 26... Qxd5 27. Ne3 $15) 27. g3 Bg5 ({Don't blunder} 27... Qxd5 $2 28. Ne3 $18) 28. Ne3 Bxe3 29. fxe3 $2 (29. Bxe3 Qxd5 30. b3) 29... Rf3 30. e4 Rxg3+ {[%mdl 64] [#] Double Attack} 31. Kh2 Rf3 {Threatens to win with ...Qf7.} 32. Rg2 Rbf8 33. Ra1 Qf7 34. Qd2 Qh5 {Black mates.} 35. Rg3 Rxg3 36. Kxg3 Rf3+ {Weighted Error Value: White=0.94/Black=0.29} 0-1

[Event "EWCCC Online Final 2020"]
[Site "Online"]
[Date "2020.12.21"]
[Round "8.1"]
[White "Muminova, Nafisa"]
[Black "Kulon, Klaudia"]
[Result "0-1"]
[WhiteElo "2274"]
[BlackElo "2347"]
[Annotator "RC"]
[PlyCount "101"]
[EventDate "2020.12.19"]
[EventType "team-tourn"]
[EventCountry "NET"]
[SourceTitle "playchess.com"]
[Source "ChessBase"]
[SourceQuality "1"]

1. d4 {[%emt 0:00:00]} d5 {[%emt 0:00:07]} 2. Nc3 {[%emt 0:00:03]} Bf5 {[%emt 0:00:18]} 3. Bf4 {[%emt 0:00:04]} e6 {[%emt 0:00:19]} 4. f3 {[%emt 0:00:19]} Nf6 {[%emt 0:00:29]} 5. g4 {[%emt 0:00:02]} Bg6 {[%emt 0:00:02]} 6. h4 {[%emt 0:00:02]} h5 {[%emt 0:00:02]} 7. g5 {[%emt 0:00:04]} Nfd7 {[%emt 0:00:03]} 8. e3 {[%emt 0:00:02]} Bb4 {[%emt 0:01:51]} 9. Bd3 {[%emt 0:01:00]} Nf8 {[%emt 0:00:18]} 10. Nge2 {[%emt 0:00:20]} Nbd7 {[%emt 0:00:25]} 11. Kf2 {[%emt 0:00:35]} a6 {[%emt 0:00:47]} 12. Bg3 {[%emt 0:00:24]} Bd6 {[%emt 0:00:27]} 13. Bxd6 {[%emt 0:00:28]} cxd6 {[%emt 0:00:05]} 14. Nf4 {[%emt 0:00:01]} Rc8 {[%emt 0:01:19]} 15. Bxg6 {[%emt 0:00:17]} Nxg6 {[%emt 0:00:19]} 16. Nxg6 {[%emt 0:00:03]} fxg6 {[%emt 0:00:01]} 17. Qd3 {[%emt 0:00:01]} Kf7 {[%emt 0:00:26]} 18. Ne2 {[%emt 0:00:35]} Re8 {[%emt 0:00:10]} 19. Nf4 {[%emt 0:00:07]} Nf8 {[%emt 0:00:01]} 20. c3 {[%emt 0:01:12]} Re7 {[%emt 0:00:02]} 21. Rhf1 {[%emt 0:00:12]} Qe8 {[%emt 0:00:05]} 22. Kg3 {[%emt 0:01:18]} Kg8 {[%emt 0:00:04]} 23. e4 {[%emt 0:00:27]} dxe4 {[%emt 0:00:14]} 24. fxe4 {[%emt 0:00:02]} e5 {[%emt 0:00:10]} 25. Nd5 {[%emt 0:00:01]} Rf7 {[%emt 0:00:19]} 26. Rxf7 {[%emt 0:00:08]} Qxf7 {[%emt 0:00:03]} 27. Rf1 {[%emt 0:00:02]} Qe8 {[%emt 0:00:05]} 28. Nb6 {[%emt 0:03:00]} Rc6 {[%emt 0:00:25]} 29. Nc4 {[%emt 0:00:07]} Qc8 {[%emt 0:01:19]} 30. Ne3 {[%emt 0:00:14]} Ne6 {[%emt 0:00:37]} 31. Nd5 {[%emt 0:01:10]} Qe8 {[%emt 0:00:36]} 32. Qd1 {[%emt 0:01:17]} Kh7 {[%emt 0:00:25]} 33. Nf6+ {[%emt 0:01:08]} gxf6 {[%emt 0:00:13]} 34. d5 {[%emt 0:00:02]} Nf4 {[%emt 0:01:54]} 35. dxc6 {[%emt 0:00:05]} Qxc6 {[%emt 0:00:09]} 36. Qb3 {[%emt 0:01:12]} Qd7 {[%emt 0:00:11]} 37. Rxf4 {[%emt 0:00:13]} exf4+ {[%emt 0:00:01]} 38. Kxf4 {[%emt 0:00:01]} fxg5+ {[%emt 0:00:03]} 39. hxg5 {[%emt 0:01:24]} Qg4+ {[%emt 0:00:02]} 40. Ke3 {[%emt 0:00:02]} Qxg5+ {[%emt 0:00:01]} 41. Kf3 {[%emt 0:00:11]} Qe7 {[%emt 0:00:06]} 42. Qd5 {[%emt 0:00:08]} Kg7 {[%emt 0:00:09]} 43. a4 {[%emt 0:00:05]} Qf7+ {[%emt 0:00:13]} 44. Qxf7+ {[%emt 0:00:14]} Kxf7 {[%emt 0:00:02]} 45. b4 {[%emt 0:00:02]} Ke6 {[%emt 0:00:05]} 46. Kf4 {[%emt 0:00:11]} d5 {[%emt 0:00:37]} 47. e5 {[%emt 0:00:07]} h4 {[%emt 0:00:06]} 48. b5 {[%emt 0:00:04]} axb5 {[%emt 0:00:08]} 49. axb5 {[%emt 0:00:02]} g5+ {[%emt 0:00:07]} 50. Kg4 {[%emt 0:00:03]} Kxe5 {[%emt 0:00:03]} 51. b6 {[%emt 0:00:03]} 0-1

[Event "EWCCC Online Final 2020"]
[Site "Online"]
[Date "2020.12.21"]
[Round "8.2"]
[White "Goryachkina, Aleksandra"]
[Black "Hoang, Thanh Trang"]
[Result "1/2-1/2"]
[WhiteElo "2593"]
[BlackElo "2404"]
[Annotator "TA"]
[PlyCount "77"]
[EventDate "2020.12.19"]
[EventType "team-tourn"]
[EventCountry "NET"]
[SourceTitle "playchess.com"]
[Source "ChessBase"]
[SourceQuality "1"]

{[%evp 19,77,-16,-8,-8,0,-19,-11,-11,-12,-10,-3,-15,0,-45,0,-15,-13,-21,-28,-16,-11,-22,-18,-27,-24,-20,-23,-22,-22,-22,-25,-29,-27,-16,-27,-27,-24,-25,-21,-19,-19,-21,-12,-25,-25,-28,-12,-13,-10,-10,-10,-10,0,0,0,-15,0,0,0,-25]} 1. d4 e6 2. c4 f5 3. g3 Nf6 4. Bg2 c6 5. Nh3 d6 6. O-O Be7 7. Nc3 e5 8. dxe5 dxe5 9. Qxd8+ Bxd8 10. e4 O-O 11. exf5 {A91: Classical Dutch: Early Deviations.} Bxf5 12. Re1 Nbd7 13. Ng5 Ba5 {[#]} 14. Bd2 $146 ({Predecessor:} 14. Be3 Rfe8 15. a3 Bxc3 16. bxc3 Bd3 17. Rad1 e4 18. Bh3 Ne5 19. Bd4 h6 20. Be6+ Rxe6 21. Nxe6 {½-½ (34) Herzog,K (1839)-Kausch,H (1907) GER email 2010}) 14... Rae8 15. a3 h6 16. Nf3 Bd3 17. Na4 Bc7 18. Bb4 Rf7 19. Rac1 a5 20. Bd2 e4 21. Nd4 Ne5 22. b3 $1 Nfg4 23. h3 $1 {[%cal Rh3g4]} Nxf2 {White must now prevent ...b5.} ({Of course not} 23... Rxf2 $6 24. Bc3 $14) 24. Be3 $1 {[%cal Re3f2]} Nf3+ 25. Nxf3 $1 exf3 26. Bxf2 Rxe1+ 27. Rxe1 fxg2 28. Kxg2 Bc2 29. Nc5 Bd6 {[#] Strongly threatening ...Rxf2+!} 30. b4 b6 31. Re8+ Kh7 {aiming for ...axb4.} 32. Ne6 axb4 33. axb4 {The position is equal.} Bxb4 34. c5 bxc5 {[#] Hoping for ...c4.} 35. Nf8+ $1 Kg8 36. Ng6+ Kh7 37. Nf8+ Kg8 38. Ng6+ Kh7 39. Nf8+ {An uneventful encounter.  Weighted Error Value: White=0.04/Black=0.05} 1/2-1/2

[Event "EWCCC Online Final 2020"]
[Site "Online"]
[Date "2020.12.21"]
[Round "8.2"]
[White "Paehtz, Elisabeth"]
[Black "Lazarne Vajda, Szidonia"]
[Result "1-0"]
[WhiteElo "2467"]
[BlackElo "2345"]
[Annotator "TA"]
[PlyCount "37"]
[EventDate "2020.12.19"]
[EventType "team-tourn"]
[EventCountry "NET"]
[SourceTitle "playchess.com"]
[Source "ChessBase"]
[SourceQuality "1"]

{[%evp 9,37,0,0,0,-1,-3,-11,-18,-8,-14,2,0,29,24,32,8,12,11,61,0,0,0,25,21,805,800,794,789,812,810]} 1. d4 d5 2. Bf4 Nf6 3. e3 c5 4. c3 e6 5. Nd2 Bd6 6. Bg3 {D00: 1 d4 d5: Unusual lines.} O-O 7. Ngf3 Qc7 8. Bxd6 {The position is equal.} Qxd6 9. Ne5 b6 10. f4 Ba6 11. Bxa6 Nxa6 12. O-O Nc7 {[#]} 13. Rf3 $146 ({Predecessor:} 13. g4 Nd7 14. g5 f6 15. Nxd7 Qxd7 16. Nf3 Rad8 17. Qc2 Ne8 18. a4 Nd6 19. a5 Nc4 20. Rae1 Nxa5 {½-½ (44) Kaunzinger,A (2195)-Boehm,U (2220) Bayern 1998}) 13... Ne4 14. dxc5 (14. Nxe4 $14 dxe4 15. Rh3) 14... Nxc5 $11 15. Rh3 {Hoping for b4.} g6 16. b4 $36 {[%mdl 2048] White has some pressure.} Nd7 $2 {[%mdl 8192] [#]} (16... Nb7 $11) 17. Ne4 $1 $18 {[%mdl 576] Nxd7 is the strong threat. Pin. White is clearly winning.} Qe7 {[#]} (17... dxe4 18. Qxd6) 18. Nc6 $1 {[%cal Rc6e7]} ({Less strong is} 18. Nxd7 dxe4 19. Nxf8 Rxf8 $16) 18... Qe8 19. Nd6 {Weighted Error Value: White=0.09/Black=0.21} 1-0

[Event "EWCCC Online Final 2020"]
[Site "Online"]
[Date "2020.12.21"]
[Round "8.2"]
[White "Gara, Ticia"]
[Black "Socko, Monika"]
[Result "0-1"]
[WhiteElo "2383"]
[BlackElo "2421"]
[Annotator "TA"]
[PlyCount "138"]
[EventDate "2020.12.19"]
[EventType "team-tourn"]
[EventCountry "NET"]
[SourceTitle "playchess.com"]
[Source "ChessBase"]
[SourceQuality "1"]

{[%evp 11,138,23,32,32,25,22,21,6,31,0,11,-25,-12,-38,1,-16,-18,-32,-33,-47,-39,-45,0,0,0,-14,8,-3,8,-4,0,-21,0,-16,0,-3,0,-18,-13,-58,-8,-92,-97,-100,-99,-102,-96,-114,-98,-168,-175,-179,-152,-238,-243,-236,-225,-230,-203,-227,-210,-429,-419,-434,-437,-447,-361,-535,-297,-283,-262,-616,-355,-349,-341,-320,-327,-322,-319,-306,-291,-660,-629,-1128,-1046,-1802,-1783,-1665,-519,-512,-497,-2141,-2056,-2035,-2028,-1442,-1221,-29969,-29970,-29979,-29978,-29980,-29981,-29980,-29982,-29982,-29983,-29984,-29983,-29983,-29984,-29986,-29987,-29986,-29987,-29993,-29994,-29994,-29995,-29995,-29995,-29995,-29996,-29996,-29997,-29997,-29997,-29998,-29992]} 1. Nf3 d5 2. g3 Nc6 3. d4 Bf5 4. Bg2 Nb4 5. Na3 {[%cal Bb1a3,Ba3c2,Bc2e1][%mdl 32]} e6 6. O-O Nf6 7. c3 {D02: 1 d4 d5 2 Nf3 sidelines, including 2...Nf6 3 g3 and 2...Nf6 3 Bf4.} Nc6 8. Nc2 Be7 9. Nce1 {The position is equal.} O-O 10. Nd3 h6 {[#]} 11. Nfe5 $146 ({Predecessor:} 11. a4 a5 12. b3 Bd6 13. Bb2 Be4 14. Re1 Qb8 15. c4 Nb4 16. Rc1 Nxd3 17. exd3 Bxf3 18. Bxf3 {0-1 (65) Ahlander,B (2417)-Praggnanandhaa,R (2530) Sitges 2018}) 11... Nxe5 12. Nxe5 (12. dxe5 {is interesting.} Nd7 13. Re1 Bg6 14. Bd2 Be4 15. f4) 12... Nd7 (12... c5 {seems wilder.} 13. Be3 Bd6 14. f3 Rc8 15. Rc1 Qc7) 13. Nxd7 Qxd7 14. Qb3 a5 15. c4 {[%cal Rc4d5]} c6 16. Bf4 Bd6 (16... b5 {feels hotter.} 17. c5 Rfe8 18. Rac1 g5 19. Be5 f6) 17. Bxd6 Qxd6 18. Rac1 Qe7 19. e3 Rfd8 20. Qc3 Qb4 21. c5 Kf8 22. Rfd1 Ke7 23. f3 Bg6 24. a3 Qxc3 25. bxc3 (25. Rxc3 {keeps more tension.} Rdb8 26. Rdc1 b6 27. cxb6 Rxb6 28. Rxc6 Rxb2 29. Rc7+) 25... b6 {With the idea ...bxc5.} 26. cxb6 (26. c4 $1 $11) 26... Rab8 $17 {White is now going downhill.} 27. c4 {Strongly threatening c5.} Rxb6 28. cxd5 cxd5 29. Rc5 a4 30. Rdc1 {[#]} (30. Ra5 $17 {was the only defense.}) 30... Rb3 $1 $19 31. R5c3 Rdb8 32. e4 (32. Rc7+ $17 Kf8 33. e4) 32... Rxc3 33. Rxc3 {[%mdl 4096] Endgame KRB-KRB} Rb3 34. Rc7+ Kd6 35. Ra7 Rxa3 36. exd5 $2 (36. Bf1 dxe4 37. Bb5) 36... Ra1+ 37. Kf2 Ra2+ 38. Kg1 exd5 39. f4 (39. Bf1 {keeps fighting.}) 39... Be4 40. Bf1 a3 41. Rxf7 $2 (41. h4) 41... Rd2 42. Rxg7 Rd1 ({Inferior is} 42... Rxd4 43. Ra7 $11) 43. Ra7 Bd3 44. Rxa3 Bxf1 {KRB-KR} ({Don't do} 44... Rxf1+ 45. Kg2 $19) 45. Kf2 Bc4 46. h4 $2 (46. Ke3) 46... Rxd4 47. Ra7 Re4 48. Rh7 Re6 49. f5 Rf6 (49... Re2+ $142 50. Kf3 d4) 50. g4 {Now Ke3 and White clings on.} d4 51. Kf3 (51. Ke1 $142 Bd5 52. Ke2) 51... d3 {( -> ...d2)} 52. Ke3 Kc5 53. Rd7 Kb4 54. Kf4 Kc3 {Black mates.} 55. g5 hxg5+ 56. hxg5 Rf8 57. g6 d2 58. g7 Rc8 59. f6 Kc2 60. Kg5 {[#]} Bf7 $1 {[%mdl 512]} 61. Kh6 {Cut Off at move 61} (61. Rxf7 d1=Q) 61... d1=Q 62. Rxd1 Kxd1 63. Kh7 Ke2 64. Kh6 Kf3 65. Kh7 Kf4 66. Kh6 Kf5 67. Kh7 Kxf6 68. Kh6 Bg8 69. Kh5 Kxg7 {Weighted Error Value: White=0.62/Black=0.30} 0-1

[Event "EWCCC Online Final 2020"]
[Site "Online"]
[Date "2020.12.21"]
[Round "8.2"]
[White "Gara, Anita"]
[Black "Dzagnidze, Nana"]
[Result "1/2-1/2"]
[WhiteElo "2350"]
[BlackElo "2524"]
[Annotator "TA"]
[PlyCount "61"]
[EventDate "2020.12.19"]
[EventType "team-tourn"]
[EventCountry "NET"]
[SourceTitle "playchess.com"]
[Source "ChessBase"]
[SourceQuality "1"]

{[%evp 14,61,45,43,68,67,56,59,52,52,95,55,75,50,59,9,12,0,0,0,0,0,0,0,0,0,0,0,0,0,0,0,0,0,0,0,0,0,0,0,0,0,0,0,0,0,0,0,0,0]} 1. e4 c5 2. Nf3 Nc6 3. d4 cxd4 4. Nxd4 e6 5. Nc3 Qc7 6. Be3 a6 7. a3 Nf6 8. f4 Nxd4 {B48: Sicilian: Taimanov: 5 Nc3 Qc7 6 Be3 a6 without Be2.} 9. Bxd4 Qxf4 10. g3 Qc7 {White is slightly better.} 11. e5 Nd5 12. Nxd5 exd5 13. Bg2 Bc5 14. O-O O-O {The position is equal.} 15. Bxd5 {[#] And now b4 would win.} d6 16. exd6 Qxd6 17. Bxc5 Qxc5+ {[#]} 18. Kg2 $146 ({Predecessor:} 18. Kh1 Bh3 19. Qf3 Bxf1 20. Rxf1 Rad8 21. c4 Kh8 22. Bxb7 a5 23. Bd5 f6 24. Qf5 {1-0 (43) Kairbekova,A (2065)-Benitez Galeano,A (2201) chess.com INT 2020}) 18... Be6 19. Bxe6 fxe6 20. Qe2 Qd5+ 21. Kg1 Qd4+ 22. Kg2 Qxb2 23. Qxe6+ Kh8 24. Qb3 Qe5 25. Qxb7 Rac8 26. Qb3 Qe4+ 27. Kg1 Qd4+ 28. Kh1 Qe4+ 29. Kg1 Qd4+ 30. Kh1 Qe4+ 31. Kg1 {Accuracy: White = 89%, Black = 88%.} 1/2-1/2

[Event "EWCCC Online Final 2020"]
[Site "Online"]
[Date "2020.12.21"]
[Round "8.3"]
[White "Muzychuk, Anna"]
[Black "Mammadzada, Gunay"]
[Result "0-1"]
[WhiteElo "2535"]
[BlackElo "2443"]
[Annotator "TA"]
[PlyCount "66"]
[EventDate "2020.12.19"]
[EventType "team-tourn"]
[EventCountry "NET"]
[SourceTitle "playchess.com"]
[Source "ChessBase"]
[SourceQuality "1"]

{[%evp 11,66,11,22,20,13,18,13,-7,-4,-3,-4,-1,20,0,29,29,31,21,22,8,8,9,20,16,14,-36,0,-35,0,-28,0,0,0,0,37,0,0,0,5,0,0,0,-6,-30,-17,-30,-22,-37,-26,-25,-29,-41,-41,-44,-52,-1021,-1014]} 1. d4 d5 2. c4 c6 3. Nc3 Nf6 4. cxd5 cxd5 5. Bf4 Nc6 6. Nf3 Nh5 7. Bd2 {D13: Slav Defence: Exchange variation without ...Bf5.} Nf6 8. e3 e6 9. Ne5 {The position is equal.} Nxe5 10. dxe5 Nd7 $1 11. f4 {[#]} Bb4 $146 ({Predecessor:} 11... Nc5 12. b4 Ne4 13. Nxe4 dxe4 14. Qc2 Bd7 15. b5 f5 16. exf6 Qxf6 17. Rd1 Qf5 {1-0 (41) Akobian,V (2624)-Bhat,V (2511) ICC INT 2012}) 12. Nb5 Bxd2+ (12... Be7 {looks sharper.} 13. Be2 O-O 14. O-O Nc5 15. Bb4 Bd7) 13. Qxd2 {[#] Hoping for Qb4.} O-O 14. Rc1 b6 15. b4 a5 16. a3 axb4 17. axb4 Ba6 18. Nd4 Bxf1 19. Kxf1 Qe7 (19... b5 $5) 20. Nc6 Qh4 21. g3 Qh5 22. Kg2 f6 {[%cal Rf6e5]} 23. exf6 (23. Nd4 $5 {[%cal Rd4e6]} Qf7 24. exf6 Nxf6 25. Rhe1 $11) 23... Nxf6 24. Rhe1 Ra3 25. Ne5 Rfa8 26. Rc2 Qf5 27. Rec1 h6 28. Qd4 Ra2 29. Qd3 Ng4 $36 {[%mdl 2048] Black fights for an advantage.} 30. Qxf5 Nxe3+ {[%mdl 64] [#] Pin} 31. Kg1 {White wants to mate with Rc8+.} exf5 32. Rxa2 Rxa2 33. Rc3 $2 {[%mdl 8192]} (33. Re1 $15 Nc2 34. Rd1) 33... Ra1+ {Weighted Error Value: White=0.39/Black=0.06} 0-1

[Event "EWCCC Online Final 2020"]
[Site "Online"]
[Date "2020.12.21"]
[Round "8.3"]
[White "Osmak, Iulija"]
[Black "Balajayeva, Khanim"]
[Result "1-0"]
[WhiteElo "2438"]
[BlackElo "2376"]
[Annotator "TA"]
[PlyCount "115"]
[EventDate "2020.12.19"]
[EventType "team-tourn"]
[EventCountry "NET"]
[SourceTitle "playchess.com"]
[Source "ChessBase"]
[SourceQuality "1"]

{[%evp 21,115,21,29,15,29,7,12,2,5,0,0,0,0,0,0,0,29,4,58,51,56,55,55,50,127,123,128,127,202,179,245,241,232,244,247,246,243,240,227,224,366,117,98,88,81,69,78,76,98,95,209,209,209,210,218,216,205,188,250,210,213,217,292,294,344,333,323,308,301,299,516,489,609,616,646,630,985,765,751,736,727,726,772,754,1006,918,5214,1077,946,927,1684,1639,29985,29986,29988,29989]} 1. d4 d5 2. c4 dxc4 3. e3 Nf6 4. Bxc4 e6 5. Nf3 a6 6. O-O b5 7. Be2 Bb7 8. a4 b4 9. b3 Nbd7 10. Bb2 c5 11. Nbd2 {[%cal Bb1d2,Bd2c4,Bc4e5][%mdl 32]} Be7 12. Nc4 {D27: Queen's Gambit Accepted: Classical main line: 7 e4!? and 7 a4.} O-O 13. Nfe5 cxd4 14. Bxd4 {The position is equal.} Nxe5 15. Nxe5 Rc8 16. Bf3 {[#]} Nd5 $146 ({Predecessor:} 16... Bxf3 17. Qxf3 Qd5 18. Rac1 Qxf3 19. gxf3 Nd5 20. Nc6 Bd6 21. Rc4 f6 22. Rd1 Ne7 {1-0 (37) Banikas,H (2566)-Souleidis,G (2421) Kalamata 2005}) 17. Rc1 Bf6 18. Qd3 Qe7 19. Rfd1 Rfd8 ({Black should play} 19... Rc7 $11) 20. Rxc8 $1 $14 Rxc8 21. Nc4 Bxd4 22. Qxd4 Nc3 {[#]} (22... h6 $14) 23. Qd6 $1 $16 {[%cal Rd6e7]} Qxd6 24. Rxd6 Nd5 (24... Be4 $16) 25. h3 Kf8 {[#]} (25... g6 {was necessary.} 26. Na5 Rc1+ 27. Kh2 Bc8 28. Bxd5 exd5) 26. Na5 $1 $18 {[%cal Ra5b7]} Ba8 27. Rxa6 Nc7 28. Ra7 Bxf3 29. gxf3 {[%mdl 4096] Endgame KRN-KRN} Nd5 30. Nc4 Nc3 (30... Rc7 {might work better.} 31. Ra8+ Ke7) 31. Rb7 $2 (31. a5 $18 {and White stays clearly on top.}) 31... Nxa4 $16 32. Rxb4 Nc5 33. Nd6 Rd8 34. Ne4 Rd1+ 35. Kg2 Nd3 (35... Nxe4 $16 36. fxe4 (36. Rxe4 Rb1 $16) 36... Ke7) 36. Rb8+ $18 Ke7 37. Rb7+ Kf8 38. Ng5 h6 39. Nxf7 ({And not} 39. Rxf7+ Kg8 $17) 39... Nc5 (39... Rd2 {was worth a try.} 40. Kg3 Nxf2) 40. Rc7 Nxb3 41. Ne5 Rd6 42. h4 h5 43. Ng6+ Kg8 44. Nf4 e5 45. Nxh5 Rh6 $2 (45... Rg6+ 46. Kf1 Kf8) 46. Rxg7+ Kh8 47. Rg5 Nc5 48. Rxe5 Nd7 49. Rg5 Nf8 50. Kg3 Ne6 51. Re5 Rg6+ 52. Kh3 Kh7 53. Ng3 Rf6 54. f4 Nf8 55. h5 Kh6 56. Kg4 Nd7 57. Nf5+ Kh7 58. Re7+ {[%mdl 64] Double Attack.  Weighted Error Value: White=0.13/Black=0.39} 1-0